Kentucky County Seats - Statistics

General Stats
  • This quiz has been taken 34 times
  • The average score is 35 of 120
Answer Stats
County County Seat % Correct
Christian Hopkinsville
84%
Barren Glasgow
74%
Jefferson Louisville
74%
Daviess Owensboro
74%
Carroll Carrollton
68%
Campbell Alexandria and Newport
63%
Warren Bowling Green
63%
Kenton Covington and Independence
63%
Pike Pikeville
63%
Allen Scottsville
63%
Hardin Elizabethtown
58%
Franklin Frankfort
58%
Scott Georgetown
58%
Fayette Lexington
58%
Calloway Murray
58%
McCracken Paducah
58%
Bourbon Paris
58%
Bullitt Shepherdsville
58%
Henderson Henderson
53%
Laurel London
53%
Graves Mayfield
53%
Jessamine Nicholasville
53%
Madison Richmond
53%
Boyle Danville
47%
Harlan Harlan
47%
Perry Hazard
47%
Anderson Lawrenceburg
47%
Mason Maysville
47%
Clarks Winchester
47%
Adair Columbia
42%
Oldham La Grange
42%
Grayson Leitchfield
42%
Rowan Morehead
42%
Shelby Shelbyville
42%
Woodford Versailles
42%
Nelson Bardstown
37%
Taylor Campbellsville
37%
Breckinridge Hardinsburg
37%
Hopkins Madisonville
37%
Butler Morgantown
37%
Pulaski Somerset
37%
Ballard Wickliffe
37%
Meade Brandenburg
32%
Edmonson Brownsville
32%
Boyd Catlettsburg
32%
Fleming Flemingsburg
32%
Simpson Franklin
32%
Greenup Greenup
32%
Breathitt Jackson
32%
Johnson Paintsville
32%
Bell Pineville
32%
Carlisle Bardwell
26%
Boone Burlington
26%
Carter Grayson
26%
Mercer Harrodsburg
26%
Hancock Hawesville
26%
Fulton Hickman
26%
LaRue Hodgenville
26%
Owen Owenton
26%
Bath Owingsville
26%
Monroe Tompkinsville
26%
Gallatin Warsaw
26%
Lyon Eddyville
21%
Marion Lebanon
21%
Casey Liberty
21%
Clay Manchester
21%
Crittenden Marion
21%
Caldwell Princeton
21%
Elliott Sandy Hook
21%
Spencer Taylorsville
21%
Morgan West Liberty
21%
McCreary Whitley City
21%
Clinton Albany
16%
Owsley Booneville
16%
Trigg Cadiz
16%
McLean Calhoun
16%
Harrison Cynthiana
16%
Green Greensburg
16%
Muhlenberg Greenville
16%
Ohio Hartford
16%
Garrard Lancaster
16%
Wayne Monticello
16%
Union Morganfield
16%
Montgomery Mount Sterling
16%
Hart Munfordville
16%
Floyd Prestonsburg
16%
Logan Russellville
16%
Washington Springfield
16%
Knox Barbourville
11%
Marshall Benton
11%
Bracken Brooksville
11%
Cumberland Burkesville
11%
Nicholas Carlisle
11%
Hickman Clinton
11%
Leslie Hyden
11%
Martin Inez
11%
Estill Irvine
11%
Lawrence Louisa
11%
Jackson McKee
11%
Lewis Vanceburg
11%
Grant Williamstown
11%
Wolfe Campton
5%
Webster Dixon
5%
Metcalfe Edmonton
5%
Todd Elkton
5%
Pendleton Falmouth
5%
Knott Hindman
5%
Russell Jamestown
5%
Robertson Mount Olivet
5%
Henry New Castle
5%
Magoffin Salyersville
5%
Livingston Smithland
5%
Powell Stanton
5%
Letcher Whitesburg
5%
Whitley Williamsburg
5%
Lee Beattyville
0%
Trimble Bedford
0%
Menifee Frenchburg
0%
Rockcastle Mount Vernon
0%
Lincoln Stanford
0%
No matching quizzes found
Score Distribution
Percent of People with Each Score
Percentile by Number Answered
Your Score History
You have not taken this quiz